Представление документа в формате MARC21

Поле Инд. ПП Название Значение
Тип записи a
Библиографический уровень b
001 Контрольный номер RU/IS/BASE/102171679
005 Дата корректировки 20200608194411.8
008 Кодируемые данные 19951010
084 a Индекс другой классификации/Индекс ББК 26.303.03
097 00 a 750
100 10 a Автор Егоров-Тисменко Ю. К.
100 1_ a Автор Литвинская Г. П.
245 00 a Заглавие Методика графического представления некоторых пространственных групп симметрии
504 00 a Библиография Библиогр.: с. 90
650 a Основная рубрика геология
a Основная рубрика минералогия
a Основная рубрика науки о Земле
653 00 a Ключевые слова кристаллография
773 00 t Заглавие источника Вестник Московского университета. Серия 4, Геология
d Дата издания источника 1995
g Прочая информация № 1. - С. 81 - 90
w Контрольный № источника RU/IS/BASE/102171210
901 t Тип документа b